000 00357cam a22001217a 4500
008 180718b1983 xxu||||| |||| 00| 0 eng d
082 _aT39 L154s
100 _aLall, K.B.
245 _aStruggle for change: international economic relations
_cby K.B. Lall
260 _aNew Delhi
_bAllied
_c1983
300 _a327p.
650 _aInternational economic relations
999 _c347256
_d347256